|
|
|
|
| LEADER |
03288nas a2200589 a 4500 |
| 001 |
mzk03001212477 |
| 003 |
CZ BrMZK |
| 005 |
20150212114054.0 |
| 007 |
ta |
| 008 |
150206m18801922gw mr |||| ||ger d |
| 040 |
|
|
|a BOA001
|b cze
|
| 072 |
|
7 |
|a 27-5
|x Liturgie. Křesťanské umění a symbolika. Duchovní život
|2 Konspekt
|9 5
|
| 072 |
|
7 |
|a 095/096
|x Vzácná díla
|2 Konspekt
|9 12
|
| 080 |
|
|
|a 27-312.47-526.62/.64
|2 MRF
|
| 080 |
|
|
|a 27-526.64
|2 MRF
|
| 080 |
|
|
|a 025.171
|2 MRF
|
| 080 |
|
|
|a (051)
|2 MRF
|
| 245 |
0 |
0 |
|a Frankfurter zeitgemäße Broschüren.
|n Band XXVII. 15. August 1908. Heft 11.,
|p Zur Geschichte der Mädchen und Frauenbildung in der katholischen Kirche. Von A. Steeger /
|c Gegründer von Paul Haffner, Johannes Janssen und E. Th. Thissen. Neue Folge herausgegeben von Dr. Joh. Mich. Raich
|
| 246 |
3 |
0 |
|a Zur Geschichte der Mädchen und Frauenbildung in der katholischen Kirche. Von A. Steeger
|
| 250 |
|
|
|a Neue Folge
|
| 260 |
|
|
|a Hamm i. W. :
|b Druck und Verlag von Breer & Thiemann,
|c [mezi 1880 a 1922]
|
| 300 |
|
|
|a 39, [1] s. ;
|c 4°
|
| 310 |
|
|
|a 1x měsíčně
|
| 500 |
|
|
|a Výzdoba: Nad impresem signet, linky, vinětka
|
| 500 |
|
|
|a V brožuře je dvoje číslování, první číslování zahrnuje pouze listy v brožuře obsažené, druhé číslování je průběžné celým ročníkem
|
| 500 |
|
|
|a Průběžné číslování: [1], 352-389, [1] s.
|
| 500 |
|
|
|a Původně uloženo ve spodní skříni regálu B
|
| 500 |
|
|
|a Preis pro Band (12 Hefte) Mk 4,- mit Porto Mk. 4,60,- Einzelpreis pro Heft 50 Pfg
|
| 500 |
|
|
|a Do sešitu volně vloženy nabídkové seznamy nakladatelství a objednávkový korespondenční lístek: Bestellungen auf alle in beifolgenden Prospekten und anderswo offerierten Bücher werden schnellstens ausgeführt durch Breer & Thiemann Buch- und Kunsthandlung Hamm i. Westf. ; Abonnements-Einladung auf den XX. Jahrgang 1907/08 von Pastor bonus Zeitschrift für kirchliche Wissenschaft und Praxis ; Breer & Thiemann, Hamm i W. Buch- und Kusthandlung ; Verzeichnis einer Auswahl vorzüglicher Werke welche sich zu Festgeschenken eignen und zu meist bedeutend ermässigten Preisen (nachází se ve sbírce vložených materiálů pod příslušnou signaturou)
|
| 510 |
3 |
|
|a DNB
|
| 563 |
|
|
|a Papírová obálka
|
| 590 |
|
|
|a Složky jsou nerozřezané
|
| 650 |
|
7 |
|a mariánské obrazy
|7 ph536927
|2 czenas
|
| 650 |
|
7 |
|a devoční obrazy
|x dějiny
|7 ph319022
|2 czenas
|
| 650 |
|
7 |
|a historické knihovní fondy
|7 ph172933
|2 czenas
|
| 655 |
|
7 |
|a časopisy
|7 fd133947
|2 czenas
|
| 700 |
1 |
|
|a Steeger, Anton
|7 jx20041021020
|4 aut
|
| 700 |
1 |
|
|a Haffner, Paul
|4 ant
|
| 700 |
1 |
|
|a Janssen, Johannes,
|d 1829-1891
|7 jx20101025008
|4 ant
|
| 700 |
1 |
|
|a Thissen, Eugen Theodor,
|d 1813-1877
|4 ant
|
| 700 |
1 |
|
|a Raich, Johann
|4 pbl
|
| 856 |
4 |
1 |
|u https://imageserver.mzk.cz/mzk03/001/212/477/328100220532.titul.jp2
|y Titulní list
|
| 910 |
|
|
|e BOE950
|c R - X. I. cc. 84
|r 1908
|s Band XXVII. Heft 11
|
| 978 |
|
|
|b Breer - dílna
|a Hamm
|c 1880-1922
|
| 978 |
|
|
|b Thiemann - dílna
|a Hamm
|c 1880-1922
|
| 984 |
|
|
|a Hamm
|b Německo
|
| 985 |
|
|
|a 1851-1900
|
| 985 |
|
|
|a 1901-1950
|
| 990 |
|
|
|a SE
|
| 996 |
|
|
|e BOE950
|c R - X. I. cc. 84
|r 1908
|s Band XXVII. Heft 11
|
| 980 |
|
|
|c 220532
|g R - X. I. cc. 84
|1 328100220532
|
| 991 |
|
|
|k rajhrad
|